Statistiques concernant Les capitales les plus propres

Cliquez ici pour prendre le quiz!

Statistiques générales

  • Ce quiz a été pris 106 fois
  • Le résultat moyen est 6 sur 10

Statistiques - réponses

#ville propreHint% Correct
1StockholmEurope
82%
8HelsinkiEurope
78%
3CanberraOceanie
76%
4OttawaAmerique du nord
76%
2WellingtonOceanie
68%
9MonacoEurope
67%
7TallinnEurope
50%
6MontevideoAmerique du sud
39%
10MadridEurope
36%
5ÉdimbourgEurope
8%

Distribution des résultats

Percentile par nombre de réponses

% des personnes avec chaque résultat

Votre développement - résultats

Vous n’avez pas pris ce quiz